000
00276nam a22001097a 4500
008
140515t xxu||||| |||| 00| 0 eng d
020
_a
978-0-88687-995-2
245
_a
The World Almanac and book of facts 2007
260
_b
world almanac books
300
_a
1008
942
_2
ddc
_c
BK
999
_c
17099
_d
17099